Statistics for International Destinations from Tampa

Click here to take the quiz!

General Stats

  • This quiz has been taken 104 times
  • The average score is 13 of 23

Answer Stats

CountryDestination% Correct
Canada Toronto
95%
GermanyFrankfurt
91%
Canada Montreal
91%
CubaHavana
88%
Netherlands Amsterdam
82%
Panama Panama City
82%
CanadaOttawa
78%
IcelandReykjavik
78%
SwitzerlandZurich
77%
BahamasNassau
75%
Puerto Rico (US Territory)San Juan
73%
Mexico Cancun
70%
Dominican RepublicPunta Cana
56%
CanadaHalifax
55%
UKLondon Gatwick
43%
CanadaSt John's
42%
Cayman Islands (British Territory)Grand Cayman
38%
CanadaHamilton
27%
CubaHolguin
25%
CubaSanta Clara
18%
CubaCamaguey
16%
BahamasMarsh Harbour
8%
BahamasNorth Eleuthera
6%

Score Distribution

Percentile by Number Answered

Percent of People with Each Score

Your Score History

You have not taken this quiz